Szczegóły MARC21

Przedsiębiorstwo przyszłości : nowe paradygmaty zarządzania europejskiego : książka poświęcona 50-leciu pracy naukowej Prof. dr inż. Wiesława M . Grudzewskiego wydana z okazji 50-lecia Instytutu Organizacji i Zarzą dzania w Przemyśle "ORGMASZ" /

005 -DATA I CZAS OSTATNIEJ MODYFIKACJI [,]
    • @
    • pole kontrolne
    • 20070315155141.9
020 -Międzynarod. znormalizowany nr książki - ISBN [ , ]
    • a
    • Numer ISBN
    • 838692988X Find
040 -Instytucja sporządzająca opis [ , ]
    • a
    • Instytucja, która sporządziła opis (NP)
    • SZCZ U
    • c
    • Instytucja, która sporządziła rekord (NP)
    • SZCZ U
041 -Język dokumentu [0, ]
    • a
    • Język tekstu (P)
    • polski
    • h
    • Język tekstu oryginalnego i/lub pośredniego (P)
    • polski
942 -Rodzaj dokumentu [ , ]
    • c
    • Rodzaj dokumentu
    • Książka
245 -Strefa tytułu i oznaczenia odpowiedzialności [0, ]
    • a
    • Tytuł
    • Przedsiębiorstwo przyszłości : Find
    • b
    • Ciąg dalszy tytułu (NP)
    • nowe paradygmaty zarządzania europejskiego : książka poświęcona 50-leciu pracy naukowej Prof. dr inż. Wiesława M . Grudzewskiego wydana z okazji 50-lecia Instytutu Organizacji i Zarzą dzania w Przemyśle "ORGMASZ" / Find
    • c
    • Pozostałe elementy strefy tytułu i oznaczenia odpowiedzialności (NP)
    • [red.Irena K. Hejduk].
260 -Strefa adresu wydawniczego [ , ]
    • a
    • Miejsce wydania (P)
    • Warszawa :
    • b
    • Nazwa wydawcy (P)
    • "Orgmasz",
    • c
    • Data wydania (P)
    • 2003.
300 -Strefa opisu fizycznego [ , ]
    • a
    • Określenie formy książki i/lub objętość (NP)
    • 310 s. :
    • b
    • Oznaczenie ilustracji (NP)
    • il. :
    • c
    • Format (NP)
    • 24 cm.
500 -Uwaga ogólna [ , ]
    • a
    • Uwaga ogólna (NP)
    • Bibliogr
080 -Uniwersalna Klasyfikacja Dziesiętna [ , ]
    • a
    • Symbol klasyfikacji
    • 658.1/.5.01(082.1)
980 -Symbol UKD [ , ]
    • a
    • UKD
    • 658.1/.5.01(082.1)
700 -Hasło dodatkowe - nazwa osobowa [ , ]
    • a
    • Nazwa osobowa (NP)
    • Hejduk Irena Find
920 -ISBN [ , ]
    • a
    • ISBN
    • 83-86929-88-X Find
Lokalizacja Data inwentaryzacji Status udost. Numer inwentarzowy Sygnatura
T2004-01-28-2T.7721T.7721